000 00592nam a2200229Ia 4500
003 OSt
005 20221006160638.0
006 a|||||r|||| 00| 0
007 ta
008 221006b |||||||| |||| 00| 0 kor d
024 _a45,886
037 _bGift, KCC (Window on Korea)
_cAudio
040 _aEASL
_cEASL
_bkor
041 _2kor
_akor
082 _aCD00300
245 0 _aBuchowa Yesuga Biroso Mannada = Korea documentary
300 _ap.
_ccm.
490 _v KCD
650 _aCD
942 _hCD00300
_cAUD
_2CC
999 _c1113978
_d1113978